000 01467cam a2200169 4500500
005 20260201131300.0
041 _afre
042 _adc
100 1 0 _aFonkoua, Romuald
_eauthor
245 0 0 _aMongo Beti (1933-2001)
260 _c2001.
500 _a31
520 _aDans le discours de réception du « Prix National de Littérature» (Cuba), Nancy Morejón a défendu les deux idées qui guident son entreprise d’écrivaine : la lecture et l’écriture. L’acte de lecture remplit une fonction aussi vitale pour l’être humain que l’acte de respirer, de manger ou de se déplacer. L’acte d’écriture vise inlassablement à donner de la voix aux « sans-voix », à lutter contre toutes les oppressions, à rechercher partout et en tout lieu la paix – même si ce mot sonne aujourd’hui comme un sarcasme.
520 _aIn her address at the reception of the National Prize for Literature in Cuba, Nancy Morejón defended the two ideas which have sustained her work as a writer : reading and writing. Reading is as vital for human beings as breathing, eating and walking. Writing unflaggingly aims at giving voice to the “voiceless”, fighting all forms of oppression and searching everywhere for peace however sarcastic the word may sound today.
786 0 _nPrésence Africaine | 163-164 | 1 | 2001-02-01 | p. 41-43 | 0032-7638
856 4 1 _uhttps://shs.cairn.info/revue-presence-africaine-2001-1-page-41?lang=fr&redirect-ssocas=7080
999 _c1642358
_d1642358